Limitaciones en la enseñanza de la Metodología de la Investigación, que afectan el aprendizaje de los estudiantes de las Universidades Dominicanas del Distrito Nacional, periodo 2007-2009 (Record no. 4438)

MARC details
000 -LEADER
campo de control de longitud fija 02795nam a2200577Ia 4500
001 - NÚMERO DE CONTROL
campo de control 4698
008 - DATOS DE LONGITUD FIJA--INFORMACIÓN GENERAL
campo de control de longitud fija 241029s9999 xx 000 0 und d
010 ## - NÚMERO DE CONTROL DE LA BIBLIOTECA DEL CONGRESO
Número de control de LC 4438
041 ## - CÓDIGO DE IDIOMA
Código de lengua del texto/banda sonora o título independiente Español
082 ## - NÚMERO DE LA CLASIFICACIÓN DECIMAL DEWEY
Número de clasificación NO APLICA
245 #0 - MENCIÓN DEL TÍTULO
Título Limitaciones en la enseñanza de la Metodología de la Investigación, que afectan el aprendizaje de los estudiantes de las Universidades Dominicanas del Distrito Nacional, periodo 2007-2009
260 ## - PUBLICACIÓN, DISTRIBUCIÓN, ETC.
Lugar de publicación, distribución, etc. Santo Domingo
300 ## - DESCRIPCIÓN FÍSICA
Extensión 127
520 ## - RESUMEN, ETC.
Sumario, etc. 48
520 ## - RESUMEN, ETC.
Sumario, etc. La investigación se planteó como objetivo general, analizar las limitaciones que presenta el proceso enseñanza-aprendizaje, en la asignatura Metodología de la Investigación Científica, que provocan dificultades en los estudiantes de las universidades dominicanas para elaborar sus trabajos de tesis o monográficos.La investigación fue de carácter descriptivo y se emplearon los siguientes métodos; histórico-logístico, deducción-inducción, análisis, síntesis, estudio documental y el sistémico funcional. El instrumento utilizado fue la encuesta. Se trabajó con una población de 107 estudiantes, de 10 carreras tomados al azar.Los resultados de la aplicación de los instrumentos revelaron, además, que existe en las universidades, un departamento o unidad que dirige todo lo concerniente al área de Metodología de la Investigación; 67 estudiantes, para un 63% de los encuestados, manifestaron tener conocimiento del mismo, 24 estudiantes, para un 22% expresaron, que no existía y 16 estudiantes, para un 15%, no emitieron ninguna respuesta
630 ## - PUNTO DE ACCESO ADICIONAL DE MATERIA--TÍTULO UNIFORME
Título uniforme Aprendizaje
630 ## - PUNTO DE ACCESO ADICIONAL DE MATERIA--TÍTULO UNIFORME
Título uniforme Enseñanza
630 ## - PUNTO DE ACCESO ADICIONAL DE MATERIA--TÍTULO UNIFORME
Título uniforme Estudiantes Dominicanos
630 ## - PUNTO DE ACCESO ADICIONAL DE MATERIA--TÍTULO UNIFORME
Título uniforme Metodología de la Investigación Científica
650 ## - PUNTO DE ACCESO ADICIONAL DE MATERIA--TÉRMINO DE MATERIA
Término de materia o nombre geográfico como elemento de entrada Metodología
690 ## - PUNTO DE ACCESO ADICIONAL DE MATERIA LOCAL--TÉRMINO DE MATERIA (OCLC, RLIN)
Término de materia o nombre geográfico como elemento inicial Sintetizado
700 ## - ENTRADA AGREGADA--NOMBRE PERSONAL
Término indicativo de función/relación asesor
Nombre de persona Bautista Pérez, Juan
700 ## - ENTRADA AGREGADA--NOMBRE PERSONAL
Término indicativo de función/relación autor
Nombre de persona Molina Reyes, Carmen Julia
700 ## - ENTRADA AGREGADA--NOMBRE PERSONAL
Término indicativo de función/relación autor
Nombre de persona Herrero Romero, María Teresa
700 ## - ENTRADA AGREGADA--NOMBRE PERSONAL
Término indicativo de función/relación autor
Nombre de persona Cornielle Mendoza, Ramona Margarita
901 ## - ELEMENTOS DE DATOS A LOCAL LDA (RLIN)
a {"1":" Molina Reyes","2":" Herrero Romero","3":" Cornielle Mendoza"}
b {"1":"Carmen Julia ","2":"María Teresa ","3":"Ramona Margarita "}
902 ## - ELEMENTOS DE DATOS B LOCAL, LDB (RLIN)
a 1
903 ## - ELEMENTOS DE DATOS C LOCAL, LDC (RLIN)
a {"1":" Bautista Pérez"}
b {"1":"Juan "}
904 ## - ELEMENTOS DE DATOS D LOCAL, LDD (RLIN)
a Magíster en
905 ## - ELEMENTOS DE DATOS E LOCAL, LDE (RLIN)
a Administración Educativa
906 ## - ELEMENTOS DE DATOS F LOCAL, LDF (RLIN)
a 2
907 ## - ELEMENTOS DE DATOS G LOCAL, LDG (RLIN)
a NO APLICA
908 ## - COLOCAR PARÁMETRO DE COMANDO (RLIN)
Colocar parámetro de comando NO APLICA
909 ## -
-- Universidad Interamericana (UNICA)
910 ## - DATOS DE OPCIÓN DEL USUARIO (OCLC)
Datos de opción del usuario NULL
-- NULL
911 ## - EQUIVALENCIA O REFERENCIA-CRUZADA-NOMBRE DE CONFERENCIA O REUNIÓN/CONGRESO [LOCAL, CANADÁ]
Nombre de congreso/reunión o jurisdicción como elemento de entrada ["1"]
912 ## -
-- NO APLICA
913 ## -
-- NULL
914 ## -
-- 01 de Julio de 2010
915 ## -
-- 05/07/15 01:07
916 ## -
-- NULL
917 ## -
-- NULL
918 ## -
-- NO APLICA
919 ## -
-- ["18","202","251","140"]
921 ## -
-- 12
922 ## -
-- 12
923 ## -
-- 0
924 ## -
-- NO APLICA
942 ## - ELEMENTOS DE ENTRADA SECUNDARIOS (KOHA)
Tipo de ítem Koha

No items available.

© 2024. Todos los Derechos Reservados. Desarrollado por IDEICE